Medio siglo de adn [folleto] /
Guardado en:
| Autor Principal: | |
|---|---|
| Formato: | Libro |
| Publicado: |
Buenos Aires :
Página12,
2003
|
| Etiquetas: |
Agregar Etiqueta
Sin Etiquetas, Sea el primero en etiquetar este registro!
|
| LEADER | 00394nam a22001455a 4500 | ||
|---|---|---|---|
| 001 | CEM.cems011217 | ||
| 005 | 20060214000000.0 | ||
| 008 | 130507s2003##################000#0#####d | ||
| 003 | CEMS | ||
| 082 | 0 | 4 | |a F574 |
| 100 | 1 | |a Moledo, Leonardo | |
| 245 | 1 | 0 | |a Medio siglo de adn [folleto] / |
| 260 | |a Buenos Aires : |b Página12, |c 2003 | ||
| 300 | |a 4 p.1 | ||
| 859 | |a CEMS |b BIB. CEMS - 11 de abril |h F574 |i 9 |p 1915.44 |t Ej.1 | ||
